| 000 | 00691nam a2200181 a 4500 | ||
|---|---|---|---|
| 008 | 071123s2005 ||||||||||||||||| || u | ||
| 020 | _a0750663561 | ||
| 050 | _aHG 4012 Swa | ||
| 100 | _aSwan, Jonathan | ||
| 245 | 1 | 0 |
_aPractical financial modelling : a guide to current practice _cJonathan Swan |
| 260 |
_aArmstedam _bElsevier _c2005 |
||
| 300 | _axviii, 173p.: ill. | ||
| 350 | _a0.00 | ||
| 500 | _aAccompanied by a CD Rom. | ||
| 650 | 0 | _aFINANCE--DEVELOPING COUNTRIES | |
| 650 | _aFINANCE--MATHEMATICAL MODELS | ||
| 995 |
_D0.00 _FCBU-MAIN LIBRARY (Kitwe) _H1 _I0.00 _M1 _UAVAILABLE _WNov 23, 2007 _ZMain Library Open Access Collection |
||
| 999 |
_c54240 _d54240 |
||